| 000 | 00862nam a2200253 a 4500 | ||
|---|---|---|---|
| 001 | 59880 | ||
| 003 | BD-RjUL | ||
| 005 | 20211209080758.0 | ||
| 008 | 161227s1985 bg ||||| |||| 00| 0 ben d | ||
| 020 | _c: Tk. 12.00 | ||
| 035 | _a(BD-RjUL) 60004 | ||
| 040 |
_aBD-RjUL _bben _cBD-RjUL |
||
| 041 | _aeng | ||
| 041 | _aben | ||
| 082 |
_223 _a370.3 _bHAS 1985 |
||
| 100 | 1 |
_aহক, শামসুল _9178158 |
|
| 245 | 1 | 0 |
_aশিক্ষা পরিভাষা / _cশামসুল হক, শাহজাহান তপন |
| 260 |
_aঢাকা : _bবাংলা একাডেমী, _c১৯৮৫ |
||
| 300 |
_a৪৯ পৃ. ; _c১৯ সেমি. |
||
| 650 |
_aশিক্ষা _xঅভিধান _9170376 |
||
| 650 |
_aEducation _xDictionaries _9178159 |
||
| 700 |
_aতপন,শাহজাহান _9178160 |
||
| 942 |
_2ddc _cBK |
||
| 999 |
_c59880 _d59880 |
||